| 000 | 00691cam a2200229 i 4500 | ||
|---|---|---|---|
| 001 | 17421949 | ||
| 005 | 20241026135809.0 | ||
| 008 | 120808s2013 nju b 001 0 eng | ||
| 020 | _a9780470908556 (pbk.) | ||
| 050 | 0 | 0 |
_aNA2000 _b.G76 2013 |
| 082 | 0 | 0 |
_a720.072 _223 |
| 100 | 1 | _aGroat, Linda N. | |
| 245 | 1 | 0 |
_aArchitectural research methods / _cLinda N. Groat & David Wang |
| 250 | _aSecond Edition | ||
| 260 |
_aHoboken, New Jersy _bJohn Wiley & Sons, Inc _c2013 |
||
| 300 |
_aviii, 468 pages ; _c24 cm _bill. |
||
| 500 | _aIncludes index | ||
| 650 | 0 |
_aArchitecture _xResearch. |
|
| 650 | 0 |
_aArchitecture _xStudy and teaching. |
|
| 700 | 1 | _aWang, David | |
| 942 |
_2lcc _cBK _e2nd Ed. _n0 |
||
| 999 |
_c249 _d249 |
||